000 00502nam a2200181Ia 4500
001 24536
005 20260414151050.0
008 260414t2003||||xx |||||||||||||| ||spa||
041 _aESP
082 _a345.72
_bF63 2003
100 _aFlint, Pinkas
_eAUT
245 0 _aNegociación integral :
_bherramienta eficaz para la resolución de conflictos y la creación de valor
260 _c2003
300 _axv, 573 páginas :
_c24 cm.
650 _aDER
654 _aCDE
942 _cLIB
_dJUS
_fJUS
_2ddc
_n
999 _c24536
_d24536